[Event "79.Prov.ITA Ottavi VE"]
[Site "Mestre Capablanca ITA"]
[Date "2019.01.27"]
[Round "4.6"]
[White "Ballarin, Gabriele"]
[Black "Marson, Roy"]
[Result "1/2-1/2"]
[WhiteElo "1870"]
[BlackElo "1325"]
[Annotator "Gabriele Ballarin"]
[PlyCount "147"]
[EventDate "2019.01.25"]
[EventType "swiss"]
[EventRounds "5"]
[EventCountry "ITA"]

{[%evp 9,147,13,18,-6,-5,-22,5,-23,0,0,18,-11,-11,-22,-22,-22,45,-45,-21,-13,-7,-31,-31,-54,8,8,7,-67,27,18,24,6,6,-127,10,0,25,25,25,24,27,15,19,15,26,-7,-8,-10,-1,-73,10,10,3,3,18,18,18,18,18,15,80,80,81,70,114,107,107,107,113,106,121,121,141,112,112,37,37,0,34,33,144,47,130,129,117,34,33,29,29,16,29,6,6,6,6,6,6,6,6,6,6,6,6,6,6,0,13,13,13,13,13,13,22,13,13,13,22,13,13,13,13,13,13,13,13,5,5,5,5,5,5,5,5,5,5,5,5,5,5,5]} 1. e4 e5 2. Nf3 Nc6 3. Bc4 Bc5 4. c3 Nf6 5. d3 h6 6. Bb3 O-O 7. Nbd2 d5 8. Qe2 Bg4 9. h3 Bh5 10. Nf1 Re8 11. g4 Bg6 {[%cal Rd5e4]} 12. Ng3 Qd7 {[%eval 45,20]} (12... d4 $11 {[%eval -22,18]}) 13. Nf5 {[%eval -45,19]} (13. g5 $14 {[%eval 45,20]} hxg5 14. Bxg5) 13... dxe4 14. dxe4 Rad8 15. N3h4 Bxf5 16. gxf5 Qd3 {[%eval 8,19]} ({È meglio} 16... Na5 $15 {[%eval -54,19]} 17. Bc2 Qc6) 17. Qxd3 (17. Bc2 $5 {[%cal Rc2d3]} Qxe2+ 18. Kxe2 $11) 17... Rxd3 18. Bc2 {[%eval -67,17]} (18. Ke2 $1 $11 {[%eval 7,16]} Nxe4 19. Kxd3 Nxf2+ 20. Kc4) 18... Rd7 {[%eval 27,25]} (18... Nxe4 $15 {[%eval -67,17]} 19. Bxd3 Nxf2) 19. Rg1 $11 Kh7 20. Ng2 Red8 $132 {[%mdl 2048] Il Nero has counterplay} 21. a4 {[%eval -127,15] [#]} (21. Ne3 $11 {[%eval 6,21]}) 21... a5 {[%eval 10,22]} (21... Nxe4 $1 $17 {[%eval -127,15][%mdl 512]} 22. Be3 (22. Bxe4 Rd1+) 22... Bxe3 23. Nxe3 Ng5) 22. Ke2 Rd6 23. Ne3 R6d7 24. Nc4 b6 25. Rf1 Nh5 26. Kf3 g6 27. fxg6+ fxg6 28. Be3 Rf8+ 29. Ke2 {[%eval -73,18]} (29. Kg2 $11 {[%eval -1,24] mantiene il passo.}) 29... Nf4+ {[%eval 10,18]} (29... Bxe3 $17 {[%eval -73,18]} 30. Kxe3 Nf4) 30. Bxf4 $1 Rxf4 31. f3 Rf8 (31... g5 {is more complex.} 32. Rad1 Re7 33. Ne3 Bxe3 34. Kxe3 Kg6) 32. Rad1 Rfd8 33. Rxd7+ Rxd7 34. f4 Bd6 {[%eval 80,22]} (34... exf4 $11 {[%eval 15,20]} 35. Rxf4 Kg7) 35. f5 $16 g5 36. Ne3 Rf7 {[%eval 114,28]} (36... Nb8 $14 {[%eval 70,22]}) 37. Bb3 Rf8 38. Rd1 h5 39. Kf3 Ne7 40. Nc4 Rf6 41. Rd2 Kh6 42. Rd3 {[%eval 37,21]} ({Il Bianco dovrebbe giocare} 42. Kg2 $16 {[%eval 112,24]}) 42... Ng6 $1 $14 {[%cal Rg6f4]} 43. Rd2 Nf4 44. Kg3 h4+ {[%eval 144,27]} (44... Kg7 $14 {[%eval 33,20]}) 45. Kh2 {[%eval 47,32]} (45. Kg4 $16 {[%eval 144,27]}) 45... Kh5 {[%eval 130,25]} (45... Kh7 $14 {[%eval 47,32]}) 46. Bd1+ Kh6 {[#]} 47. Ne3 {[%eval 34,31]} (47. b4 $1 $16 {[%eval 117,19]}) 47... Kg7 48. Ng4 Rf8 49. Bb3 Nh5 50. Ne3 Ng3 {La posizione è in parità.} 51. Bc2 $1 Bc5 52. Rd7+ Rf7 53. Rxf7+ Kxf7 $11 {[%mdl 4096] Finale RAC-RAC} 54. Ng4 Bd6 55. Bd3 Nh5 56. Bc4+ Kg7 57. Bf1 (57. Kg1 {seems wilder.} Nf4 58. Bf1 Bc5+ 59. Kh2 Bd6 60. Kg1) 57... Nf6 58. Nxf6 Kxf6 {RA-RA} 59. Kg2 Kg7 60. Kf3 Kh6 61. Be2 Bc5 62. Bd1 Bd6 63. Ke2 Bc5 64. Kd3 c6 65. Kc4 Be7 66. b4 Bf8 67. b5 cxb5+ 68. Kxb5 Bc5 69. Kc6 Kg7 70. Kd7 {Il Nero non deve prevenire Re6.} Kf6 71. Be2 Be3 72. Kc6 Bc5 73. Bh5 Be3 74. Kd5 {Precisione: Bianco = 28%, Nero = 39%.} 1/2-1/2

[Event "79.Prov.ITA Ottavi VE"]
[Site "Mestre Capablanca ITA"]
[Date "2019.01.27"]
[Round "4.7"]
[White "Moretto, Gian Franco"]
[Black "Abisso, Filippo"]
[Result "0-1"]
[WhiteElo "1309"]
[BlackElo "1440"]
[Annotator "Gabriele Ballarin"]
[PlyCount "78"]
[EventDate "2019.01.25"]
[EventType "swiss"]
[EventRounds "5"]
[EventCountry "ITA"]

1. e4 c5 2. Nf3 e6 3. d4 cxd4 4. Nxd4 a6 5. Bc4 Qc7 6. Bb3 Nf6 7. Nd2 Bc5 8. N4f3 b6 9. O-O Nc6 10. Re1 Ng4 11. Re2 Nd4 12. e5 Nxe2+ 13. Qxe2 Nxf2 14. Kf1 O-O 15. c3 f5 16. Bc2 Bb7 17. b4 Ng4 18. bxc5 Qxc5 19. Nc4 b5 20. Ba3 Bxf3 21. gxf3 Nxh2+ 22. Kg2 Qxc4 23. Qxc4 bxc4 24. Bxf8 Nxf3 25. Kxf3 Kxf8 26. Rb1 Ke7 27. Rb7 g5 28. Ba4 Rd8 29. Ra7 Kf7 30. Rxa6 d5 31. exd6 e5 32. Bb5 e4+ 33. Ke3 h5 34. Bxc4+ Kf6 35. Be6 Kxe6 36. c4 Rxd6 37. Rxd6+ Kxd6 38. a4 h4 39. c5+ Kc7 0-1

[Event "79.Prov.ITA Ottavi VE"]
[Site "Mestre Capablanca ITA"]
[Date "2019.01.27"]
[Round "4.8"]
[White "Sgaravato, Sandro"]
[Black "Pomponio, Stefano"]
[Result "1-0"]
[WhiteElo "1480"]
[BlackElo "1357"]
[Annotator "Gabriele Ballarin"]
[PlyCount "81"]
[EventDate "2019.01.25"]
[EventType "swiss"]
[EventRounds "5"]
[EventCountry "ITA"]

1. d4 d5 2. c4 e6 3. cxd5 exd5 4. Nf3 Nf6 5. Bg5 Be7 6. Nc3 c6 7. e3 O-O 8. h3 h6 9. Bh4 Nbd7 10. Bd3 Nh7 11. Bg3 Ndf6 12. Ne5 Nh5 13. Qxh5 Nf6 14. Qe2 Nd7 15. O-O Nxe5 16. Bxe5 f6 17. Bg3 Be6 18. Qh5 f5 19. Be5 Kh7 20. Qd1 g5 21. g4 Qe8 22. f4 Kg8 23. gxf5 Bxf5 24. Bxf5 Rxf5 25. Qg4 Qf7 26. fxg5 Rxg5 27. Rxf7 Rxg4+ 28. hxg4 Kxf7 29. Rf1+ Kg6 30. Rf5 Re8 31. Kg2 Bg5 32. Rf3 Re7 33. a4 b6 34. b4 a6 35. b5 axb5 36. axb5 c5 37. Nxd5 Rb7 38. dxc5 bxc5 39. b6 Bd8 40. Bc7 Bg5 41. Rf8 1-0

[Event "79.Prov.ITA Ottavi VE"]
[Site "Mestre Capablanca ITA"]
[Date "2019.01.27"]
[Round "5.1"]
[White "Toniolo, Samuel"]
[Black "Grandesso, Emanuele"]
[Result "1/2-1/2"]
[WhiteElo "1912"]
[BlackElo "2074"]
[Annotator "Gabriele Ballarin"]
[PlyCount "96"]
[EventDate "2019.01.25"]
[EventType "swiss"]
[EventRounds "5"]
[EventCountry "ITA"]

1. e4 d5 2. exd5 Qxd5 3. Nc3 Qd8 4. d4 Nf6 5. Nf3 e6 6. Bd3 Be7 7. O-O O-O 8. Ne4 Nbd7 9. c3 b6 10. Ne5 Bb7 11. Nxf6+ Nxf6 12. Bb5 {=} Qd5 (12... Bxg2 $1) 13. Qf3 Qxf3 14. gxf3 c5 15. Be3 cxd4 16. Bxd4 Rac8 17. a4 Nh5 18. a5 Bc5 19. axb6 axb6 20. Nd7 Rfd8 21. Nxb6 Rxd4 22. Nxc8 Rd5 23. Rfd1 Rg5+ 24. Kf1 g6 25. Rd8+ Kg7 26. b4 Bxb4 27. cxb4 Rxb5 28. Nd6 Rxb4 29. Rd7 Bd5 30. Rxf7+ Kh6 31. Raa7 Nf4 32. Rxh7+ Kg5 33. h4+ Kf6 34. Ra1 Bxf3 35. Re1 e5 36. Nf7 e4 37. Ng5 Kf5 38. Kg1 Kg4 39. Kh2 Nd3 40. Rg1+ Kf4 41. Rf7+ Ke5 42. Nxf3+ exf3 43. Rxf3 Rxh4+ 44. Kg3 Rd4 45. Re3+ Kf5 46. Rf3+ Nf4 47. Re1 g5 48. Ra3 Kg6 1/2-1/2

[Event "79.Prov.ITA Ottavi VE"]
[Site "Mestre Capablanca ITA"]
[Date "2019.01.27"]
[Round "5.2"]
[White "Bozzao, Francesco"]
[Black "Buranelli, Matteo"]
[Result "1/2-1/2"]
[WhiteElo "1847"]
[BlackElo "1746"]
[Annotator "Gabriele Ballarin"]
[PlyCount "39"]
[EventDate "2019.01.25"]
[EventType "swiss"]
[EventRounds "5"]
[EventCountry "ITA"]

1. e4 d6 2. d4 Nf6 3. Nc3 Nbd7 4. Nf3 e5 5. Be2 Be7 6. O-O c6 7. h3 h6 8. a4 b6 9. Bc4 a5 10. Qe2 Qc7 11. Rd1 O-O 12. b3 exd4 13. Rxd4 Ne5 14. Nxe5 dxe5 15. Rd1 Bb7 16. Rd3 Rad8 17. Rg3 Kh7 18. Bd3 g6 19. Qe3 Ng8 20. Kh1 1/2-1/2

[Event "79.Prov.ITA Ottavi VE"]
[Site "Mestre Capablanca ITA"]
[Date "2019.01.27"]
[Round "5.3"]
[White "Belloni, Umberto"]
[Black "Corti, Lorenzo"]
[Result "1-0"]
[WhiteElo "1674"]
[BlackElo "1250"]
[Annotator "Gabriele Ballarin"]
[PlyCount "45"]
[EventDate "2019.01.25"]
[EventType "swiss"]
[EventRounds "5"]
[EventCountry "ITA"]

1. d4 Nf6 2. c3 d6 3. f3 g6 4. e4 Nbd7 5. Bf4 Bg7 6. Qd2 O-O 7. Bh6 c5 8. Bxg7 Kxg7 9. dxc5 Nxc5 10. Na3 a6 11. Nc4 b5 12. Ne3 Bb7 13. Bd3 Nfd7 14. Ne2 e5 15. Bc2 Nb6 16. O-O-O Rc8 17. h4 Ne6 18. Kb1 Rc6 19. Bb3 Bc8 20. Ng4 Nc5 21. Qh6+ Kg8 22. h5 Nxb3 23. hxg6 1-0

[Event "79.Prov.ITA Ottavi VE"]
[Site "Mestre Capablanca ITA"]
[Date "2019.01.27"]
[Round "5.4"]
[White "Vianello, Viviana Sofia"]
[Black "Marson, Luca"]
[Result "1/2-1/2"]
[WhiteElo "1391"]
[BlackElo "1833"]
[Annotator "Gabriele Ballarin"]
[PlyCount "100"]
[EventDate "2019.01.25"]
[EventType "swiss"]
[EventRounds "5"]
[EventCountry "ITA"]

1. e4 c5 2. Nf3 d6 3. d4 cxd4 4. Nxd4 Nf6 5. Nc3 a6 6. Be3 Ng4 7. Qd2 Nxe3 8. Qxe3 e6 9. Bd3 Be7 10. O-O Nc6 11. Nf3 O-O 12. Rad1 Qc7 13. a3 b5 14. b4 Ne5 15. Ne2 Nxf3+ 16. Qxf3 e5 17. Rc1 Be6 18. Ng3 g6 19. Qe2 Qc3 20. Ra1 Rfc8 21. Qe1 Qc6 22. Ne2 Bf6 23. Rb1 d5 24. Nc1 d4 25. Nb3 Be7 26. f4 Bxb3 27. Rxb3 exf4 28. Rxf4 Bg5 29. Rf3 Be3+ 30. Kh1 Qe6 31. Rb1 Rc7 32. Qg3 Rac8 33. Rbf1 Qa2 34. Qg4 Qe6 35. Qxe6 fxe6 36. Rf6 Re7 37. g3 Bg5 38. R6f3 Bh6 39. Kg2 Rf8 40. Rxf8+ Bxf8 41. Ra1 Rc7 42. Kf3 Bd6 43. Ke2 Kg7 44. Kf3 Kf6 45. h4 Ke5 46. Kg2 Rc3 47. Ra2 h6 48. Ra1 Kf6 49. Rf1+ Kg7 50. Ra1 Kf6 1/2-1/2

[Event "79.Prov.ITA Ottavi VE"]
[Site "Mestre Capablanca ITA"]
[Date "2019.01.27"]
[Round "5.5"]
[White "Marson, Eva Jane"]
[Black "Ballarin, Gabriele"]
[Result "1/2-1/2"]
[WhiteElo "1166"]
[BlackElo "1870"]
[Annotator "Gabriele Ballarin"]
[PlyCount "118"]
[EventDate "2019.01.25"]
[EventType "swiss"]
[EventRounds "5"]
[EventCountry "ITA"]

{[%evp 10,118,8,2,9,9,18,7,9,10,16,-5,0,-21,14,0,75,75,75,60,75,62,150,150,150,116,118,52,56,22,22,23,38,38,48,30,30,30,30,21,31,0,38,31,56,52,44,17,75,75,79,60,78,44,44,44,115,92,92,92,92,92,109,92,142,142,148,79,236,236,233,159,219,163,212,160,344,323,300,299,299,155,155,0,193,155,155,155,154,154,154,154,154,154,154,154,154,80,80,80,80,0,80,80,80,0,80,0,80,0,109]} 1. e4 c5 2. Nf3 a6 3. d4 cxd4 4. Nxd4 Nf6 5. Nc3 e5 6. Nf3 Nc6 7. a3 h6 8. Bd3 Bc5 9. O-O d6 10. h3 Be6 11. Re1 g5 12. Be3 Nd4 {[%eval 75,20]} (12... Bxe3 $11 {[%eval 0,17]} 13. Rxe3 Qb6) 13. Bxd4 $16 exd4 14. Nd5 Nd7 15. Qd2 g4 {[%eval 150,15]} (15... O-O $14 {[%eval 62,18]}) 16. hxg4 Bxg4 17. Nh2 Be6 18. f4 {[%eval 52,19]} (18. b4 $16 {[%eval 118,20]} Ba7 19. Nf3) 18... Kf8 19. f5 (19. Nb4 {seems wilder.} Nf6 20. Rad1 Kg7 21. f5 Bd7 22. Nd5) 19... Bxd5 $1 20. exd5 Ne5 21. Re4 Qf6 22. Rf1 Rg8 23. Qe2 Re8 24. Ng4 Qg5 25. Nh2 f6 26. Rff4 Qg7 27. Rg4 $36 {[%mdl 2048] Il Bianco lotta per il vantaggio.} Qf7 28. Rxg8+ (28. Rh4 {is interesting.} Rh8 29. Ng4 h5 30. Nf2 Qh7 31. Ref4) 28... Kxg8 {[%eval 75,24]} (28... Qxg8 $11 {[%eval 17,18]} 29. b4 Bb6) 29. Ng4 Kh7 30. Nxe5 (30. b4 $5 {[%cal Rb4c5]} Ba7 31. Qf2 $16) 30... Rxe5 31. Rxe5 dxe5 32. Qg4 b5 {[%eval 115,33]} (32... Kh8 $14 {[%eval 44,23]}) 33. Qg6+ Qxg6 34. fxg6+ {[%mdl 4096] Finale RA-RA} Kg7 35. Kh2 Bd6 {Minaccia di vincere con ...e4+.} 36. Kh3 h5 {[%eval 142,25]} (36... b4 $142 {[%eval 92,31]}) 37. g4 h4 {[#]} 38. Kxh4 {[%eval 79,29]} ({È meglio} 38. b4 $1 {[%eval 148,28]}) 38... Kh6 $2 {[%eval 236,33]} (38... Be7 $16 {[%eval 79,29]}) 39. b4 Be7 40. Bf5 Bd8 {[%eval 219,29]} (40... Bf8 $16 {[%eval 159,36]} 41. Bd3 Be7) 41. d6 $18 Kg7 {[%eval 212,22]} (41... e4 $142 {[%eval 163,25]} 42. Kh3 e3) 42. Kh5 Bb6 $2 {[%eval 344,37]} (42... a5 $16 {[%eval 160,25]} 43. Bd3 axb4 44. axb4 Bb6) 43. d7 a5 44. bxa5 Bxa5 {[#]} 45. Be4 {[%eval 155,36]} (45. g5 $1 $18 {[%eval 299,27][%cal Rg5f6] gxf6+ è la minaccia più forte.} Bd8 46. gxf6+ Bxf6 47. Kg4) 45... Bd8 $16 46. Bf5 $2 {[%eval 0,35]} ({Il Bianco dovrebbe giocare} 46. Bd3 $16 {[%eval 155,44]}) 46... Be7 $2 {[%eval 193,32]} (46... Ba5 $1 $11 {[%eval 0,35] e Il Nero non ha niente da temere.}) 47. Bd3 Bd8 {=} 48. Bxb5 e4 49. Be2 Ba5 50. a4 Bd8 51. Bf1 e3 52. Be2 Ba5 53. g5 {[%eval 80,28]} (53. Bb5 $142 {[%eval 154,37]}) 53... f5 54. Bd3 Bc7 55. Be2 {[%eval 0,54]} (55. Bb5 $16 {[%eval 80,53]}) 55... Bd8 {[%eval 80,52]} (55... Ba5 $1 $11 {[%eval 0,54]}) 56. Bf3 Bc7 57. Be2 Bd8 58. Bf3 Bc7 59. Be2 Bd8 {Precisione: Bianco = 46%, Nero = 38%.} 1/2-1/2

[Event "79.Prov.ITA Ottavi VE"]
[Site "Mestre Capablanca ITA"]
[Date "2019.01.27"]
[Round "5.6"]
[White "Abisso, Filippo"]
[Black "Conte, Edoardo"]
[Result "1-0"]
[WhiteElo "1440"]
[BlackElo "1247"]
[Annotator "Gabriele Ballarin"]
[PlyCount "47"]
[EventDate "2019.01.25"]
[EventType "swiss"]
[EventRounds "5"]
[EventCountry "ITA"]

1. e4 e5 2. Nf3 Nc6 3. d4 exd4 4. Nxd4 Bc5 5. Be3 Qf6 6. c3 Nge7 7. Bc4 O-O 8. O-O Rd8 9. Qh5 Nxd4 10. cxd4 Bb6 11. Bg5 Qg6 12. Qxg6 hxg6 13. Bxe7 Re8 14. Bc5 Bxc5 15. dxc5 Rxe4 16. Nd2 Rd4 17. Rad1 d5 18. cxd6 Bf5 19. Bb3 Rxd6 20. Nc4 Rxd1 21. Rxd1 Re8 22. Ne3 Be4 23. Rd7 c5 24. Bxf7+ 1-0

[Event "79.Prov.ITA Ottavi VE"]
[Site "Mestre Capablanca ITA"]
[Date "2019.01.27"]
[Round "5.7"]
[White "Marson, Roy"]
[Black "Pomponio, Stefano"]
[Result "0-1"]
[WhiteElo "1325"]
[BlackElo "1357"]
[Annotator "Gabriele Ballarin"]
[PlyCount "74"]
[EventDate "2019.01.25"]
[EventType "swiss"]
[EventRounds "5"]
[EventCountry "ITA"]

1. e4 d5 2. exd5 Qxd5 3. Nc3 Qa5 4. d4 c6 5. Nf3 Bg4 6. Be2 Nf6 7. O-O Nbd7 8. Bf4 Nd5 9. Nxd5 cxd5 10. Re1 e6 11. h3 Bf5 12. Bd3 Bxd3 13. Qxd3 Be7 14. a3 Nf6 15. Be5 h6 16. b4 Qb6 17. c4 dxc4 18. Qxc4 O-O 19. Rac1 Nd5 20. Bc7 Nxc7 21. Qxc7 Bf6 22. Qxb6 axb6 23. Rc3 Rfd8 24. Rd3 Rac8 25. Red1 Rc2 26. d5 exd5 27. Rxd5 Rdc8 28. Rd7 Rc1 29. Rxc1 Rxc1+ 30. Kh2 Ra1 31. Rxb7 Rxa3 32. Rxb6 Be7 33. Kg3 Kh7 34. b5 Rb3 35. Rb7 Bd6+ 36. Kg4 Rb4+ 37. Kf5 Rf4# 0-1

[Event "79.Prov.ITA Ottavi VE"]
[Site "Mestre Capablanca ITA"]
[Date "2019.01.27"]
[Round "5.8"]
[White "Moretto, Gian Franco"]
[Black "Sgaravato, Sandro"]
[Result "0-1"]
[WhiteElo "1309"]
[BlackElo "1480"]
[Annotator "Gabriele Ballarin"]
[PlyCount "50"]
[EventDate "2019.01.25"]
[EventType "swiss"]
[EventRounds "5"]
[EventCountry "ITA"]

1. e4 e5 2. Nf3 d6 3. d4 f6 4. Bc4 Be7 5. Nc3 c6 6. Bxg8 Rxg8 7. dxe5 dxe5 8. h3 Be6 9. Bd2 Kf7 10. O-O Qc7 11. Ne2 Rd8 12. Qe1 Na6 13. a3 Rd7 14. b4 Rad8 15. Rc1 Bc4 16. Bc3 c5 17. Ba1 cxb4 18. axb4 Nxb4 19. c3 Nd3 20. Qd1 Nxc1 21. Qxc1 Bxe2 22. Re1 Rd1 23. Qb2 Rxe1+ 24. Nxe1 Ba6 25. Qc2 Qc4 0-1

[Event "6. Open Santo B"]
[Site "Padova"]
[Date "2019.02.15"]
[Round "5.3"]
[White "Porta, Federico"]
[Black "Zanirato, Stefano"]
[Result "0-1"]
[WhiteElo "1772"]
[BlackElo "1846"]
[Annotator "Gabriele Ballarin"]
[PlyCount "128"]
[EventDate "2019.02.15"]
[EventType "swiss"]
[EventRounds "5"]
[EventCountry "ITA"]

1. d4 Nf6 2. Nf3 d5 3. Bf4 Nc6 4. e3 a6 5. a3 Bg4 6. h3 Bh5 7. c4 e6 8. Nc3 Bd6 9. Bxd6 Qxd6 10. cxd5 exd5 11. Be2 O-O 12. O-O h6 13. Rc1 Bxf3 14. Bxf3 Ne7 15. Qc2 c6 16. Na4 Nd7 17. Nc5 Nxc5 18. Qxc5 Qxc5 19. Rxc5 f5 20. Re1 g6 21. Rc3 Kg7 22. Rb3 Rab8 23. g3 Nc8 24. Rc1 Nd6 25. Be2 Rbe8 26. Bd3 Re7 27. Kg2 g5 28. a4 f4 29. exf4 gxf4 30. g4 Ne4 31. Bxe4 dxe4 32. Rc5 Rd8 33. Re5 Rdd7 34. Rxe7+ Rxe7 35. h4 Kf6 36. Rc3 Rd7 37. Rc4 Ke6 38. a5 Rg7 39. Rc5 Kd6 40. Re5 Re7 41. Rf5 e3 42. fxe3 fxe3 43. Re5 Rxe5 44. dxe5+ Kxe5 45. Kf3 Kd4 46. Ke2 Ke4 47. g5 hxg5 48. hxg5 Kf5 49. g6 Kxg6 50. Kxe3 Kf7 51. Kd4 Ke7 52. Kc5 Kd7 53. Kb6 Kc8 54. Kc5 Kc7 55. b3 Kd7 56. Kb6 Kc8 57. Ka7 Kc7 58. Ka8 c5 59. Ka7 Kc6 60. Kb8 Kb5 61. Kxb7 Kxa5 62. Kc6 Kb4 63. Kb6 a5 64. Kc6 Kxb3 0-1

[Event "6. Torneo del Santo A"]
[Site "Padova"]
[Date "2019.02.15"]
[Round "1.1"]
[White "De Napoli, Giuseppe"]
[Black "Grimaldi, Angela Flavia"]
[Result "0-1"]
[WhiteElo "2003"]
[BlackElo "1906"]
[Annotator "Gabriele Ballarin"]
[PlyCount "86"]
[EventDate "2019.02.15"]
[EventType "swiss"]
[EventRounds "5"]
[EventCountry "ITA"]

1. d4 Nf6 2. Bf4 d5 3. e3 e6 4. Nd2 Bd6 5. Ngf3 O-O 6. Bd3 c5 7. c3 c4 8. Bc2 b5 9. Ne5 Qc7 10. a4 Nc6 11. Ndf3 b4 12. Nxc6 Qxc6 13. Ne5 Qc7 14. Qf3 Ne4 15. Qh3 f6 16. f3 fxe5 17. fxe4 exf4 18. e5 g6 19. exd6 Qxd6 20. O-O b3 21. Bd1 Bd7 22. Qh6 fxe3 23. Qxe3 Rxf1+ 24. Kxf1 Qxh2 25. Kf2 Rf8+ 26. Bf3 a5 27. Ke2 Re8 28. Qe5 Qxe5+ 29. dxe5 Rf8 30. Ke3 Kg7 31. Kd4 Rc8 32. Rf1 g5 33. Bg4 Rf8 34. Rxf8 Kxf8 35. Kc5 Ke7 36. Kb6 Bxa4 37. Kxa5 Be8 38. Kb4 h5 39. Bf3 g4 40. Be2 Bg6 41. Kc5 Be4 42. Bf1 h4 43. Kd4 h3 0-1

[Event "6. Torneo del Santo A"]
[Site "Padova"]
[Date "2019.02.15"]
[Round "1.2"]
[White "Manco, David Jonatan"]
[Black "Bertani, Gianfranco"]
[Result "1-0"]
[WhiteElo "1894"]
[BlackElo "1974"]
[Annotator "Gabriele Ballarin"]
[PlyCount "71"]
[EventDate "2019.02.15"]
[EventType "swiss"]
[EventRounds "5"]
[EventCountry "ITA"]

1. e4 c5 2. Nc3 Nc6 3. g3 e5 4. Bg2 d6 5. Nge2 g6 6. Nd5 Bg7 7. O-O Nge7 8. Nec3 O-O 9. d3 Rb8 10. a4 Be6 11. h3 Qd7 12. Kh2 h6 13. Bxh6 Bxd5 14. Bxg7 Kxg7 15. Nxd5 Nxd5 16. exd5 Ne7 17. Qd2 b5 18. axb5 Rxb5 19. f4 f6 20. b3 Rb4 21. Ra6 Rb6 22. Ra4 Rh8 23. Qf2 Rc8 24. fxe5 dxe5 25. Ra5 f5 26. Qe3 Qc7 27. d6 Qxd6 28. Rxa7 Rc7 29. Ra4 Nd5 30. Bxd5 Qxd5 31. Rh4 Kf6 32. g4 Rb4 33. c4 Qd6 34. Rxf5+ gxf5 35. Qh6+ Ke7 36. Qg7+ 1-0

[Event "6. Torneo del Santo A"]
[Site "Padova"]
[Date "2019.02.15"]
[Round "1.3"]
[White "Pennica, Andrea"]
[Black "Litrico, Paolo"]
[Result "1-0"]
[WhiteElo "1957"]
[BlackElo "1883"]
[Annotator "Gabriele Ballarin"]
[PlyCount "55"]
[EventDate "2019.02.15"]
[EventType "swiss"]
[EventRounds "5"]
[EventCountry "ITA"]

1. e4 e5 2. Nf3 Nc6 3. d4 exd4 4. Nxd4 Bb4+ 5. c3 Bc5 6. Be3 Bb6 7. Be2 Nf6 8. Nd2 O-O 9. O-O Re8 10. Qc2 d5 11. Nxc6 bxc6 12. Bg5 Qd6 13. Bd3 h6 14. Bh4 Qf4 15. Bg3 Qg4 16. exd5 cxd5 17. a4 a5 18. c4 Nh5 19. c5 Nxg3 20. hxg3 Ba7 21. Rfe1 Be6 22. Nf3 Qb4 23. Rac1 Bd7 24. Ne5 Bxa4 25. Bh7+ Kf8 26. Qf5 f6 27. Ng6+ Kf7 28. Qxd5+ 1-0

[Event "6. Torneo del Santo A"]
[Site "Padova"]
[Date "2019.02.15"]
[Round "1.4"]
[White "Sonis, Luca"]
[Black "Pleininger, Rudolf"]
[Result "1/2-1/2"]
[WhiteElo "1881"]
[BlackElo "1947"]
[Annotator "Gabriele Ballarin"]
[PlyCount "123"]
[EventDate "2019.02.15"]
[EventType "swiss"]
[EventRounds "5"]
[EventCountry "ITA"]

1. e4 e5 2. Nf3 Nc6 3. Bc4 Bc5 4. O-O Nf6 5. d3 d6 6. h3 Na5 7. Bb3 Nxb3 8. axb3 h6 9. Be3 Bxe3 10. fxe3 O-O 11. Nc3 c6 12. d4 Qc7 13. Qe1 b5 14. b4 a5 15. Rxa5 Rxa5 16. bxa5 b4 17. Ne2 Ba6 18. Nd2 Qxa5 19. Rf2 Qa2 20. Qc1 Qe6 21. Ng3 g6 22. c4 bxc3 23. bxc3 d5 24. Nb3 Nd7 25. Qa1 Bd3 26. exd5 cxd5 27. Qd1 Bb5 28. Rb2 Ba4 29. Qa1 Bxb3 30. Rxb3 exd4 31. cxd4 Re8 32. Qe1 Nf6 33. Qf2 Rc8 34. Qf4 Kg7 35. Rb1 Rc3 36. Re1 Ne4 37. Kh2 Rd3 38. Nxe4 Qxe4 39. Qxe4 dxe4 40. Kg3 f5 41. Kf2 Ra3 42. Re2 Kf6 43. Rb2 Ra6 44. g4 fxg4 45. hxg4 Kg5 46. Kg3 Re6 47. Rb5+ Kf6 48. g5+ hxg5 49. Kg4 Ra6 50. Re5 Ra1 51. Rxe4 Rg1+ 52. Kf3 Rf1+ 53. Kg2 Rf5 54. Re8 g4 55. e4 Ra5 56. Rc8 Ra3 57. Rf8+ Kg5 58. d5 Rd3 59. Rf7 Re3 60. Re7 Rd3 61. Rf7 Re3 62. Re7 1/2-1/2

[Event "6. Torneo del Santo A"]
[Site "Padova"]
[Date "2019.02.15"]
[Round "1.5"]
[White "Simonini, Mattia"]
[Black "Baruscotti, Mauro"]
[Result "0-1"]
[WhiteElo "1944"]
[BlackElo "1869"]
[Annotator "Gabriele Ballarin"]
[PlyCount "72"]
[EventDate "2019.02.15"]
[EventType "swiss"]
[EventRounds "5"]
[EventCountry "ITA"]

1. d4 Nf6 2. c4 c5 3. d5 d6 4. Nc3 g6 5. e4 b5 6. cxb5 a6 7. bxa6 Bxa6 8. Bxa6 Rxa6 9. Nf3 Nbd7 10. Qe2 Qb6 11. Nd2 Bg7 12. O-O O-O 13. Nc4 Qb7 14. Rb1 Rb8 15. Na3 Nb6 16. b3 Nfd7 17. Nab5 h6 18. Be3 Na8 19. Rfc1 Rb6 20. Na3 Nc7 21. Nc4 Ra6 22. Qd2 Kh7 23. f4 Nb6 24. Qd3 Bxc3 25. Qxc3 Rxa2 26. Ra1 Nbxd5 27. exd5 Rxg2+ 28. Kxg2 Nxd5 29. Qd2 Nxe3+ 30. Kg1 Nf5 31. Qd3 Nh4 32. Ra2 Nf3+ 33. Kf2 Nd4 34. Rca1 Qd5 35. Nd2 Qh5 36. Nf3 Rxb3 0-1

[Event "6. Torneo del Santo A"]
[Site "Padova"]
[Date "2019.02.15"]
[Round "1.6"]
[White "Sinato, Fabrizio"]
[Black "Altieri, Danilo Mario"]
[Result "0-1"]
[WhiteElo "1868"]
[BlackElo "1927"]
[Annotator "Gabriele Ballarin"]
[PlyCount "53"]
[EventDate "2019.02.15"]
[EventType "swiss"]
[EventRounds "5"]
[EventCountry "ITA"]

1. e4 d6 2. d4 Nf6 3. Nc3 e5 4. Nf3 Nbd7 5. Bc4 Be7 6. O-O O-O 7. h3 c6 8. dxe5 dxe5 9. Be3 Qc7 10. a3 b5 11. Bd3 a6 12. Ne2 c5 13. c4 bxc4 14. Bc2 Bb7 15. Ng3 Rfd8 16. Qe1 Nb6 17. Ng5 h6 18. Nf3 Bf8 19. Nh4 Ne8 20. Nhf5 Nd6 21. f3 Bc8 22. Rd1 Nxf5 23. exf5 Bb7 24. Rxd8 Rxd8 25. Qb1 Nd5 26. Bf2 c3 27. bxc3 {Nur} 0-1

[Event "6. Torneo del Santo A"]
[Site "Padova"]
[Date "2019.02.15"]
[Round "1.7"]
[White "Di Lascio, Savino"]
[Black "Andreoli, Mark"]
[Result "0-1"]
[WhiteElo "1923"]
[BlackElo "1843"]
[Annotator "Gabriele Ballarin"]
[PlyCount "136"]
[EventDate "2019.02.15"]
[EventType "swiss"]
[EventRounds "5"]
[EventCountry "ITA"]

1. Nf3 c5 2. g3 Nf6 3. Bg2 g6 4. O-O Bg7 5. d3 O-O 6. Nbd2 d5 7. e4 Nc6 8. Re1 e5 9. exd5 Nxd5 10. Ne4 b6 11. a3 Bb7 12. c3 h6 13. Qb3 Na5 14. Qa2 Ne7 15. b4 cxb4 16. axb4 Nac6 17. Qe2 f5 18. Ned2 b5 19. Nb3 e4 20. dxe4 fxe4 21. Nfd4 Nxd4 22. Nxd4 Qb6 23. Be3 Nd5 24. Qd2 Nxe3 25. fxe3 Kh7 26. Rf1 a6 27. Qc2 Bxd4 28. cxd4 Rac8 29. Qa2 Kg7 30. Rxf8 Rxf8 31. Rc1 Rf7 32. Rc5 Qd6 33. Re5 Qxb4 34. Qe2 Qb1+ 35. Bf1 Bc8 36. Qg2 Bg4 37. h3 Bf3 38. Qf2 Rc7 39. Rc5 Rxc5 40. dxc5 Qc1 41. h4 b4 42. c6 a5 43. Qa2 Qxe3+ 44. Kh2 Qc5 45. Qb2+ Kf7 46. Bh3 Qxc6 47. Qd2 a4 48. Bd7 e3 49. Qd3 Qc1 50. Be8+ Kxe8 51. Qxg6+ Ke7 52. Qg7+ Ke6 53. Qxh6+ Kd5 54. Qg5+ Kd4 55. Qf6+ Kd3 56. Qxf3 Qc2+ 57. Kh3 Kc3 58. h5 Qf2 59. Qc6+ Kb3 60. Qe6+ Ka3 61. Qc4 e2 62. Qd3+ b3 63. Qd6+ Ka2 64. Qd2+ b2 65. Qd5+ Ka1 66. Qd3 e1=Q 67. Qa3+ Kb1 68. Qd3+ Qc2 0-1